|
|
|
|
| LEADER |
01427nam a2200325 a 4500 |
| 001 |
16523 |
| 003 |
BD-DhAAL |
| 005 |
20241210160808.0 |
| 008 |
100210s2001 gw a bc 001 0 eng d |
| 010 |
|
|
|a 2001094450
|
| 020 |
|
|
|a 3421032947
|
| 020 |
|
|
|a 342103284X
|
| 020 |
|
|
|a 3421032637
|
| 040 |
|
|
|a DLC
|c DLC
|d BD-DhAAL
|
| 082 |
0 |
0 |
|a 720.922
|2 21
|
| 100 |
1 |
|
|a Gast, Klaus-Peter.
|9 54343
|
| 245 |
1 |
0 |
|a Louis I. Kahn :
|b complete works /
|c Klaus-Peter Gast ; [Übersetzung in das Englische, Gabriele Graf und Herb Nestler].
|
| 260 |
|
|
|a Munchen :
|b Deutsche Verlags-Anstalt,
|c c2001.
|
| 300 |
|
|
|a 207 pages :
|b illustrations (chiefly colors) ;
|c 29 cm
|
| 504 |
|
|
|a Includes bibliographical references (pages 204-206) and index.
|
| 526 |
|
|
|a ARC
|x Huraera Jabeen
Faculty member of Architecture (ARC)
Course Title and No. : N/A
|
| 541 |
|
|
|e 16523
|a Premier Books
|
| 546 |
|
|
|a Text in German
|
| 600 |
1 |
0 |
|a Kahn, Louis I.,
|d 1901-1974
|v Catalogs.
|9 54344
|
| 650 |
|
0 |
|a Architectural practice, International.
|
| 700 |
1 |
|
|a Kahn, Louis I.,
|d 1901-1974.
|
| 852 |
4 |
|
|a Ayesha Abed Library
|c General Stacks
|
| 942 |
0 |
0 |
|0 1
|2 ddc
|c BK
|
| 999 |
|
|
|c 7447
|d 7447
|
| 952 |
|
|
|0 0
|1 0
|2 ddc
|4 0
|6 720_922000000000000_GAS_2001
|7 0
|9 7985
|a BRACUL
|b BRACUL
|c GEN
|d 2010-02-10
|e Premier Books
|g 7700.00
|l 33
|m 262
|o 720.922 GAS
|p 3010016523
|q 2026-07-30
|r 2025-03-12
|s 2025-03-12
|t 1
|w 2010-02-10
|y BK
|x Requisitioned by Huraera Jabeen, Faculty member of Architecture (ARC).
|